000 00726nas a2200253 4500
001 BR8801670
003 BR-BrBNA
005 20231205091057.0
007 ta
008 230509b bl.|||p| |||| 00| 00por d
040 _aBR-BrBNA
_bpor
_cBiblioteca Nacional de Agricultura
041 _a(Pt)
072 _aH60
100 1 _aSchmidt, M.C.M.
100 1 _aRuckeim Filho, O.
245 1 _aControle de plantas daninhas na cultura da batata
650 _aBATATA
650 _aERVA DANINHA
650 _aCONTROLE MECANICO
650 _aCONTROLE INTEGRADO
773 0 _tIPAGRO Informa (Brazil)
_xISSN 0100-3410
_g(May 1987), no. 29 p. 57-59
_wBR8801670
909 _a202311
_bLúcia
_c55
_dLúcia Elande
942 _2AGRIS
_n0
_cANA
999 _c122605
_d122605